000 00307nam a22001457a 4500
008 181122b xxu||||| |||| 00| 0 eng d
020 _a35376
041 _aeng
080 _25 th
_a573
082 _a573
100 _a11
101 _aBIO
245 _aMedical entomology
_cHerms.W.B
942 _2udc
_cBK
999 _c52378
_d52378